| 000 | 00780nam a2200229 i 4500 | ||
|---|---|---|---|
| 001 | 61961 | ||
| 003 | ES-MaACL | ||
| 005 | 20230906164559.0 | ||
| 007 | t| | ||
| 008 | 031117s1979 sp ||||1| spa d | ||
| 100 | 1 |
_aFalconer, Peter. _948720 |
|
| 245 | 1 | 0 |
_aAlmacenaje industrial _b: proyecto y construcción para almacenaje y distribución / _cPeter Falconer, Jolyon Drury ; [traducción Luis Mª Jiménez de Cisneros Pañella]. |
| 250 | _a[1ª ed.]. | ||
| 260 |
_aMadrid : _bH. Blume, _c[1979] |
||
| 300 |
_a384 p. : _bil. ; _c30 cm. |
||
| 490 | 1 | _aManuales A. J. | |
| 700 | 1 |
_aDrury, Jolyin. _945687 |
|
| 700 | 1 |
_aCisneros Pañella, Luis Mª Jiménez de. _938927 |
|
| 830 | 0 |
_aManuales A. J. _9230622 |
|
| 852 |
_aES-MaACL _jA-9906 _bR.99231 |
||
| 999 |
_c61961 _d61961 |
||